[Event "Hessen-ch Seniors op 12th"]
[Site "Bad Sooden-Allendorf"]
[Date "2016.05.08"]
[Round "9"]
[White "Koellmer, Dietrich"]
[Black "Wiebke, Elfriede"]
[Result "1-0"]
[WhiteElo "1589"]
[BlackElo "1337"]
[PlyCount "105"]
[EventDate "2016.04.30"]
[EventType "swiss"]
[EventRounds "9"]
[EventCountry "GER"]
[SourceTitle "EXT 2019"]
[Source "ChessBase"]
[SourceDate "2018.10.10"]
[SourceVersion "1"]
[SourceVersionDate "2018.10.10"]
[SourceQuality "1"]

1. e4 e6 2. Nc3 Nf6 3. Nf3 Nc6 4. a3 a6 5. d4 h6 6. Be2 d5 7. e5 Nd7 8. Bf4 Be7 9. h4 0-0 10. Qd2 f6 11. 0-0-0 b5 12. Nxb5 axb5 13. Bxb5 Na5 14. Qd3 fxe5 15. Bxe5 Nxe5 16. dxe5 c6 17. Ba4 Ba6 18. Qg6 Qc8 19. Nd4 Rf6 20. exf6 Bxf6 21. Qg4 c5 22. Qxe6+ Qxe6 23. Nxe6 d4 24. Nxc5 Be2 25. Rde1 Bh5 26. f3 Nc4 27. Bb3 Bf7 28. Nd7 Bd8 29. Bxc4 Bxc4 30. Re8+ Kh7 31. Nf8+ Kg8 32. Ne6+ Kf7 33. Re1 Bxe6 34. R8xe6 Bxh4 35. R1e4 Bg5+ 36. Kb1 Rd8 37. g3 d3 38. cxd3 Rxd3 39. f4 Rd1+ 40. Kc2 Rg1 41. fxg5 Rg2+ 42. Kb1 Rg1+ 43. Ka2 hxg5 44. g4 Rd1 45. R6e5 Kf6 46. Rf5+ Kg6 47. Re6+ Kh7 48. Rxg5 Rd8 49. Rh5+ Kg8 50. g5 Kf7 51. Rc6 g6 52. Rh7+ Ke8 53. Rcc7 1-0

[Event "Hessen-ch Seniors op 12th"]
[Site "Bad Sooden-Allendorf"]
[Date "2016.05.05"]
[Round "6"]
[White "Brandt, Fred"]
[Black "Koellmer, Dietrich"]
[Result "1-0"]
[WhiteElo "1880"]
[BlackElo "1589"]
[PlyCount "54"]
[EventDate "2016.04.30"]
[EventType "swiss"]
[EventRounds "9"]
[EventCountry "GER"]
[SourceTitle "EXT 2019"]
[Source "ChessBase"]
[SourceDate "2018.10.10"]
[SourceVersion "1"]
[SourceVersionDate "2018.10.10"]
[SourceQuality "1"]

1. d4 d5 2. Nf3 Nf6 3. e3 a6 4. Bd3 b5 5. Nbd2 Bb7 6. Ne5 Nc6 7. Ndf3 h6 8. 0-0 Qc8 9. h3 Nxe5 10. Nxe5 Ne4 11. Qf3 Qe6 12. Qe2 0-0-0 13. Bd2 Nxd2 14. Qxd2 f5 15. a4 c6 16. axb5 cxb5 17. b3 Qb6 18. c4 Kc7 19. cxb5 Ra8 20. Rfc1+ Kd8 21. Nf7+ Ke8 22. Nxh8 g6 23. bxa6 Bc6 24. Nxg6 Bg7 25. Bxf5 Kf7 26. Nf4 Ra7 27. Qc2 Bb5 1-0

[Event "GER-chB Seniors 27th"]
[Site "Magdeburg"]
[Date "2015.08.23"]
[Round "9"]
[White "Maczollek, Helmut"]
[Black "Koellmer, Dietrich"]
[Result "1/2-1/2"]
[WhiteElo "1599"]
[BlackElo "1591"]
[PlyCount "67"]
[EventDate "2015.08.15"]
[EventType "swiss"]
[EventRounds "9"]
[EventCountry "GER"]
[SourceTitle "EXT 2018"]
[Source "ChessBase"]
[SourceDate "2017.10.13"]
[SourceVersion "1"]
[SourceVersionDate "2017.10.13"]
[SourceQuality "1"]

1. d4 d5 2. Nf3 Nc6 3. e3 g6 4. c3 Bg7 5. Nbd2 f5 6. Bd3 a6 7. a4 Bd7 8. Be2 Nf6 9. c4 dxc4 10. Bxc4 Na5 11. Bd3 Bc6 12. b4 Bxf3 13. Nxf3 Nc6 14. Bd2 Ne4 15. b5 Nxd2 16. Qxd2 Nb8 17. 0-0 Qd5 18. Rac1 Qd6 19. Qc2 c6 20. bxc6 Nxc6 21. Qc5 Qxc5 22. Rxc5 h6 23. Rfc1 0-0 24. Bc4+ Kh7 25. Rb1 Ra7 26. Bd5 Rc8 27. Be6 Rd8 28. d5 Ne5 29. Rc7 Nxf3+ 30. gxf3 Bf6 31. Rbxb7 Rxb7 32. Rxb7 Rd6 33. Rb8 Kg7 34. Rg8+ 1/2-1/2

[Event "GER-chB Seniors 27th"]
[Site "Magdeburg"]
[Date "2015.08.19"]
[Round "5"]
[White "Wraga, Hermann"]
[Black "Koellmer, Dietrich"]
[Result "1/2-1/2"]
[WhiteElo "1669"]
[BlackElo "1591"]
[PlyCount "122"]
[EventDate "2015.08.15"]
[EventType "swiss"]
[EventRounds "9"]
[EventCountry "GER"]
[SourceTitle "EXT 2018"]
[Source "ChessBase"]
[SourceDate "2017.10.13"]
[SourceVersion "1"]
[SourceVersionDate "2017.10.13"]
[SourceQuality "1"]

1. e4 e5 2. Bc4 Nf6 3. d3 d5 4. exd5 Nxd5 5. h3 Bc5 6. Nf3 Nc6 7. 0-0 Be6 8. Ng5 Bf5 9. Qf3 Nce7 10. Nc3 c6 11. Bd2 f6 12. Nge4 Bd4 13. a3 Qd7 14. Rab1 h5 15. Ng3 Bg6 16. h4 a6 17. Nce2 Ba7 18. b4 b5 19. Bb3 Rc8 20. c4 Nc7 21. Ne4 Kf8 22. c5 Qg4 23. Bc2 Qxh4 24. Nd6 Rd8 25. Bc3 Qg4 26. Qxg4 hxg4 27. Ng3 Ncd5 28. Bd2 Bb8 29. Nde4 Nf4 30. Bxf4 exf4 31. Ne2 Nd5 32. Rbd1 Rh7 33. Nd4 Kf7 34. Nxc6 Rdh8 35. Ng3 f3 36. Nxb8 Nf4 37. Bb3+ Ke7 38. Nc6+ Kd7 39. Nd4 Bf7 40. Bxf7 fxg2 41. c6+ Kd6 42. f3 Rh2 43. Rfe1 Rh1+ 44. Kf2 Rxe1 45. Rxe1 Nxd3+ 46. Kxg2 Nxe1+ 47. Kf2 Nd3+ 48. Ke3 Ne5 49. Ngf5+ Kc7 50. Be6 gxf3 51. Nxf3 Nxc6 52. Nxg7 Kd6 53. Bf5 Rg8 54. Nh5 Ke7 55. Kf4 Kf7 56. Ng3 Rd8 57. Be4 Nd4 58. Nxd4 Rxd4 59. Ke3 Rd7 60. Kf3 Rc7 61. Ne2 Rc3+ 1/2-1/2

[Event "GER-chB Seniors 27th"]
[Site "Magdeburg"]
[Date "2015.08.18"]
[Round "4"]
[White "Gismann, Juergen"]
[Black "Koellmer, Dietrich"]
[Result "1-0"]
[WhiteElo "1751"]
[BlackElo "1591"]
[PlyCount "75"]
[EventDate "2015.08.15"]
[EventType "swiss"]
[EventRounds "9"]
[EventCountry "GER"]
[SourceTitle "EXT 2018"]
[Source "ChessBase"]
[SourceDate "2017.10.13"]
[SourceVersion "1"]
[SourceVersionDate "2017.10.13"]
[SourceQuality "1"]

1. e4 e5 2. f4 exf4 3. Nf3 Nc6 4. d4 g5 5. h4 g4 6. Ne5 Nxe5 7. dxe5 d6 8. Bxf4 Bg7 9. Bg5 f6 10. exf6 Nxf6 11. g3 h6 12. Bxf6 Bxf6 13. c3 Qe7 14. Bg2 c6 15. Qd3 Bd7 16. Nd2 0-0-0 17. 0-0-0 Be6 18. Kb1 d5 19. exd5 Bxd5 20. Bxd5 Rxd5 21. Qc2 Re5 22. Qa4 Kb8 23. Qf4 Ka8 24. Rhf1 Bg7 25. Qxg4 Rd8 26. Nf3 Rxd1+ 27. Rxd1 Re6 28. Qxg7 a6 29. Qxe7 Rxe7 30. Rg1 Re3 31. Nd4 Re5 32. g4 Kb8 33. g5 hxg5 34. hxg5 Rxg5 35. Rxg5 Ka7 36. Rg7 Kb6 37. Nf5 a5 38. Nd6 1-0

[Event "GER-chB Seniors 27th"]
[Site "Magdeburg"]
[Date "2015.08.15"]
[Round "1"]
[White "Koellmer, Dietrich"]
[Black "Moews, Harald"]
[Result "0-1"]
[WhiteElo "1591"]
[BlackElo "1830"]
[PlyCount "128"]
[EventDate "2015.08.15"]
[EventType "swiss"]
[EventRounds "9"]
[EventCountry "GER"]
[SourceTitle "EXT 2018"]
[Source "ChessBase"]
[SourceDate "2017.10.13"]
[SourceVersion "1"]
[SourceVersionDate "2017.10.13"]
[SourceQuality "1"]

1. e4 e6 2. Nc3 c6 3. e5 d5 4. exd6 Bxd6 5. Ne4 Be7 6. Nf3 f5 7. Ng3 Nf6 8. d3 0-0 9. Be2 h6 10. 0-0 g5 11. b3 f4 12. Ne4 Nxe4 13. dxe4 Bf6 14. Rb1 Qc7 15. h3 b5 16. Bd3 Rd8 17. Re1 e5 18. Bb2 c5 19. Qe2 a6 20. c4 b4 21. Rbd1 Nc6 22. a3 a5 23. a4 Be6 24. Rd2 Qg7 25. Nh2 Qg6 26. Rf1 h5 27. g4 hxg4 28. Nxg4 Bg7 29. f3 Rd7 30. Rfd1 Kf7 31. Qe1 Qh5 32. Bf1 Nd4 33. Bxd4 exd4 34. Bg2 Ke7 35. Kf1 Rh8 36. Ke2 Qf7 37. Rc2 Rh4 38. Rd3 Bxg4 39. fxg4 Be5 40. Kf3 Kf6 41. Qf2 Bd6 42. Rc1 Re7 43. Re1 Qh7 44. Qe2 Ke5 45. Kf2 Rh6 46. Qf3 Rhe6 47. Rd2 Kf6 48. Rde2 Qh4+ 49. Kg1 Be5 50. Qf2 Qxf2+ 51. Kxf2 d3 52. Rd2 Rd6 53. Kf3 Bc3 54. e5+ Rxe5 55. Rxe5 Kxe5 56. Rd1 d2 57. Bf1 Kd4 58. Be2 Re6 59. Kf2 Re3 60. Rh1 Ke5 61. h4 gxh4 62. Rxh4 Bd4 63. Kf1 f3 64. Bd1 Re1# 0-1

[Event "Hessen-ch Seniors op 11th"]
[Site "Bad Sooden-Allendorf"]
[Date "2015.05.10"]
[Round "2"]
[White "Koellmer, Dietrich"]
[Black "Scholtyssek, Werner"]
[Result "0-1"]
[WhiteElo "1658"]
[BlackElo "1776"]
[PlyCount "86"]
[EventDate "2015.05.09"]
[EventType "swiss"]
[EventRounds "9"]
[EventCountry "GER"]
[SourceTitle "EXT 2018"]
[Source "ChessBase"]
[SourceDate "2017.10.13"]
[SourceVersion "1"]
[SourceVersionDate "2017.10.13"]
[SourceQuality "1"]

1. Nf3 b6 2. Nc3 Bb7 3. e4 e6 4. a3 Nf6 5. Qe2 d6 6. b4 Nbd7 7. d4 Be7 8. Bb2 0-0 9. Rd1 Qc8 10. h3 c5 11. b5 cxd4 12. Rxd4 e5 13. Rc4 Nc5 14. Nd2 Ne8 15. Nf3 f5 16. Nd2 Qd7 17. exf5 Qxf5 18. Nd1 Nc7 19. Nb3 N7e6 20. Nxc5 Nxc5 21. Rh2 Bf6 22. g4 Qd7 23. Rb4 Bh4 24. Bg2 Bxg2 25. Rxg2 Kh8 26. Qe3 h6 27. Bc1 Bg5 28. Qg3 Bxc1 29. h4 Rf4 30. Rxf4 Bxf4 31. Qf3 Rf8 32. Qe2 Qb7 33. Kf1 Qe4 34. Nc3 Qxe2+ 35. Kxe2 g5 36. h5 Bc1 37. a4 Bb2 38. Rg3 Bxc3 39. Rxc3 Rf4 40. Rf3 Kg7 41. Rc3 Rxf2+ 42. Ke3 Rg2 43. Kf3 Rg3+ 0-1

[Event "Hessen-ch Seniors op 10th"]
[Site "Bad Sooden-Allendorf"]
[Date "2014.04.27"]
[Round "2"]
[White "Koellmer, Dietrich"]
[Black "Schuetze, Manfred"]
[Result "1-0"]
[WhiteElo "1348"]
[BlackElo "1834"]
[PlyCount "70"]
[EventDate "2014.04.26"]
[EventType "swiss"]
[EventRounds "9"]
[EventCountry "GER"]
[SourceTitle "EXT 2018"]
[Source "ChessBase"]
[SourceDate "2017.10.13"]
[SourceVersion "1"]
[SourceVersionDate "2017.10.13"]
[SourceQuality "1"]

1. Nf3 c5 2. g3 Nc6 3. Bg2 g6 4. e4 Bg7 5. 0-0 d6 6. Re1 e6 7. c3 Nge7 8. d4 0-0 9. Bh3 cxd4 10. cxd4 Qb6 11. e5 dxe5 12. dxe5 Rd8 13. Qa4 Qb4 14. Nc3 h6 15. a3 Qxa4 16. Nxa4 Nd4 17. Nxd4 Rxd4 18. Nc3 Rd8 19. g4 Bd7 20. Ne4 Nd5 21. f4 Bc6 22. Bd2 Bf8 23. Rac1 Rac8 24. Bg2 Kg7 25. h4 Be7 26. g5 hxg5 27. hxg5 Rh8 28. Nd6 Bxd6 29. exd6 Rhd8 30. Bxd5 Bxd5 31. Rxc8 Rxc8 32. Bc3+ Kf8 33. Bf6 Ke8 34. Re3 Kd7 35. Be5 Rh8 1-0

[Event "Hessen-ch Seniors op 10th"]
[Site "Bad Sooden-Allendorf"]
[Date "2014.04.26"]
[Round "1"]
[White "Roos, Hans Goerg"]
[Black "Koellmer, Dietrich"]
[Result "1-0"]
[WhiteElo "1999"]
[BlackElo "1348"]
[PlyCount "81"]
[EventDate "2014.04.26"]
[EventType "swiss"]
[EventRounds "9"]
[EventCountry "GER"]
[SourceTitle "EXT 2018"]
[Source "ChessBase"]
[SourceDate "2017.10.13"]
[SourceVersion "1"]
[SourceVersionDate "2017.10.13"]
[SourceQuality "1"]

1. Nf3 Nc6 2. g3 Nf6 3. Bg2 h6 4. d3 e5 5. e4 d6 6. c3 Bd7 7. 0-0 Be7 8. Re1 Bg4 9. h3 Be6 10. d4 exd4 11. cxd4 d5 12. e5 Ne4 13. a3 Qd7 14. g4 h5 15. Nh2 Bh4 16. Bxe4 dxe4 17. Be3 0-0-0 18. Nc3 hxg4 19. hxg4 Rh7 20. Nxe4 Nxd4 21. Bxd4 Qxd4 22. Qxd4 Rxd4 23. Rad1 Rxd1 24. Rxd1 b6 25. f4 Bd7 26. Rc1 Kd8 27. Kg2 c5 28. Nf3 f6 29. Rd1 Kc7 30. f5 fxe5 31. Nxe5 Bc6 32. Nxc6 Kxc6 33. Rh1 Kd5 34. Ng5 Rh8 35. Nf7 Rh7 36. Ng5 Rh8 37. Nf3 Ke4 38. Nxh4 Rh6 39. Ng6 Rxh1 40. Kxh1 Kf3 41. g5 1-0